| 000 | 00661cam a22002293a 4500 | ||
|---|---|---|---|
| 001 | 15969 | ||
| 003 | PGUSA | ||
| 005 | 20140828083336.0 | ||
| 008 | 050602s2005||||xxu|||||s|||||000 | eng d | ||
| 040 |
_aPGUSA _beng |
||
| 042 | _adc | ||
| 050 | 4 | _aPH | |
| 100 | 1 |
_aKiljander, Robert, _d1848-1924 |
|
| 245 | 1 | 0 |
_aMestarin nuuskarasia : _bYksinäytöksinen huvinäytelmä _h[electronic resource] / _cRobert Kiljander |
| 260 |
_bProject Gutenberg, _c2005 |
||
| 506 | _aPublic domain in the USA. | ||
| 516 | _aElectronic text | ||
| 653 | _aFinnish drama | ||
| 830 | 0 |
_aProject Gutenberg _v15969 |
|
| 856 | 4 | 0 | _uhttp://www.gutenberg.org/ebooks/15969 |
| 942 | _cEB | ||
| 999 |
_c245224 _d245224 |
||